| 000 | 00397nam a2200145 a 4500 | ||
|---|---|---|---|
| 001 | 5531 | ||
| 003 | CDMR | ||
| 005 | 20130326122022.0 | ||
| 008 | 130130s2006||||||||||||||||||||||||||||d | ||
| 040 |
_aCDMR _bcat _cCPC LLEIDA |
||
| 110 |
_92824 _aMuseu d'art Jaume Morera |
||
| 245 | 0 |
_aRicard ViƱes _bEl pianista de les avantguardes |
|
| 260 |
_aLleida _c2006 _bMuseu d'Art Jaume Morera |
||
| 942 |
_cMON _2ddc |
||
| 999 |
_c5531 _d5531 |
||